000 00318nam a22001337a 4500
008 181001b xxu||||| |||| 00| 0 eng d
020 _a9780205504404
041 _aeng
080 _27 ED
_a316
100 _a50
101 _aSOC
245 _aSociology A Down To Earth Apprroach
_cHenslin.J .M
942 _2udc
_cBK
999 _c48712
_d48712